000 004010000a22001690004500
003 LK-CoMWRAF
005 20231122152332.0
008 230817t ||||| |||| 00| 0 eng d
040 _aLK-CoMWRAF
_dLK-CoMWRAF
_eLK-CoMWRAF
041 _aeng
082 _a826
_bABH
100 _aAbhayaratne, Manel
245 _aLetters from mothers to daughter
300 _a67p
650 _aLetters
942 _cBK
999 _c1877
_d1877